| 000 | 01536nam a22003495a 4500 | ||
|---|---|---|---|
| 003 | OSt | ||
| 005 | 20170622123024.0 | ||
| 008 | 170621s2016 le bo grbd 000 0 ara d | ||
| 020 | _a9786140117556 | ||
| 040 |
_aEG-ScBUE _bara _cEG-ScBUE |
||
| 041 | 1 |
_aara _heng |
|
| 082 | 0 | 4 |
_a327.12 _bغ ر ا _222 |
| 100 | 1 | _aغراي، ستيفن. | |
| 240 | 1 | 4 |
_aThe new spy masters. _lArabic |
| 245 | 1 | 0 |
_aأسياد الجاسوسية الجدد / _cتأليف ستيفن غراي ؛ ترجمة مركز التعريب والبرمجة. |
| 246 | 3 | 4 |
_aأسياد الجاسوسية الجدد : _bداخل عالم التجسس العصري من الحرب الباردة إلى الإرهاب العالمي |
| 250 | _aط. 1. | ||
| 260 |
_aبيروت : _bالدار العربية للعلوم ناشرون، _c2016. |
||
| 300 |
_a472 ص. : _bخرائط، صور ؛ _c24 سم. |
||
| 500 | _aيشتمل على قائمة مصطلحات . | ||
| 504 | _aببليوجرافية : ص. 463-472. | ||
| 541 | _aإهداء من ا. محمد فريد خميس. | ||
| 546 | _aالنص باللغة العربية ؛ مترجم من اللغة الإنجليزية. | ||
| 590 | _aWessam | ||
| 650 | 7 |
_aالجاسوسية. _2BUEsh |
|
| 650 | 7 |
_aالإرهاب. _2BUEsh |
|
| 650 | 7 |
_aالحرب العالمية الثانية، 1939-1945. _2BUEsh |
|
| 651 | _2BUEsh | ||
| 653 |
_bBUSBOL _bGGEN _cJune2017 |
||
| 710 | 2 |
_aالدار العربية للعلوم ناشرون. _bمركز التعريب والبرمجة، _eمعرب. |
|
| 942 | _2ddc | ||
| 999 |
_c24940 _d24912 |
||